Marvel Future Fight Playable Characters - Statistics

General Stats
  • This quiz has been taken 103 times
    53 since last reset
  • The average score is 70 of 212
Answer Stats
Answer % Correct
Iron Man
89%
Captain America
86%
Hulk
81%
Thor
81%
Ant-Man
78%
Spider-Man
78%
Wolverine
78%
Thanos
76%
Black Panther
73%
Black Widow
73%
Hawkeye
73%
Loki
70%
Wasp
70%
Cyclops
65%
Doctor Strange
65%
Venom
65%
Beast
62%
Captain Marvel
62%
Gamora
62%
Ghost
62%
Groot
62%
Invisible Woman
62%
Drax
59%
Ghost Rider
59%
Green Goblin
59%
Magneto
59%
Mister Fantastic
59%
Scarlet Witch
59%
Daredevil
57%
Doctor Octopus
57%
Falcon
57%
Human Torch
57%
Jean Grey
57%
Nick Fury
57%
Rocket Raccoon
57%
Star-Lord
57%
Storm
57%
Thing
57%
Ultron
57%
Vision
57%
War Machine
57%
Carnage
54%
Deadpool
54%
Odin
54%
Quicksilver
54%
Red Skull
54%
Shuri
54%
Winter Soldier
54%
Angel
51%
Doctor Doom
51%
Iron Fist
51%
Namor
51%
Red Hulk
51%
She-Hulk
51%
Vulture
51%
Electro
49%
Elektra
49%
Hela
49%
Luke Cage
49%
Mysterio
49%
Sandman
49%
Blade
46%
Cable
46%
Colossus
46%
Iceman
46%
Kingpin
46%
X-23
46%
Agent Venom
43%
Gambit
43%
Mantis
43%
Nightcrawler
43%
Punisher
43%
Rogue
43%
Ebony Maw
41%
Erik Killmonger
41%
Jessica Jones
41%
Ms. Marvel
41%
Nova
41%
Rhino
41%
Sif
41%
Black Bolt
38%
Emma Frost
38%
Heimdall
38%
Juggernaut
38%
Lizard
38%
Silver Surfer
38%
Spider-Gwen
38%
Yellowjacket
38%
Apocalypse
35%
Black Dwarf
35%
Corvus Glaive
35%
Nebula
35%
Yondu
35%
Baron Zemo
32%
Bishop
32%
Domino
32%
Dormammu
32%
Medusa
32%
M.O.D.O.K.
32%
Moon Knight
32%
Phil Coulson
32%
Proxima Midnight
32%
Rescue
32%
Valkyrie
32%
Whiplash
32%
Crystal
30%
Kitty Pryde
30%
Magik
30%
Wong
30%
Ancient One
27%
Black Cat
27%
Bullseye
27%
Jubilee
27%
Karnak
27%
Psylocke
27%
Sabretooth
27%
Squirrel Girl
27%
Volstagg
27%
Absorbing Man
24%
Crossbones
24%
Fandral
24%
Giant-Man
24%
Gorgon
24%
Hulkling
24%
Kaecilius
24%
Miles Morales
24%
Ronan
24%
Supergiant
24%
Taskmaster
24%
Baron Mordo
22%
Gwenpool
22%
Hogun
22%
Kraven The Hunter
22%
Sentinel
22%
Shang-Chi
22%
White Tiger
22%
Wiccan
22%
Angela
19%
Enchantress
19%
Goliath
19%
Ironheart
19%
Malekith
19%
Mockingbird
19%
Viper
19%
Agent 13
16%
Hydro-Man
16%
Spider-Man 2099
16%
Adam Warlock
14%
America Chavez
14%
Blue Marvel
14%
Daisy Johnson
14%
Ghost Panther
14%
Hawkeye (Kate Bishop)
14%
Hellcat
14%
Lincoln Campbell
14%
Luna Snow
14%
Moon Girl
14%
Silk
14%
Songbird
14%
Warpath
14%
Anti Man
11%
Captain America (Sharon Rogers)
11%
Clea
11%
Destroyer
11%
Gorilla-Man
11%
Hellstorm
11%
Hulkbuster
11%
Hyperion
11%
Maximus
11%
Misty Knight
11%
Molten Man
11%
Satana
11%
Skurge
11%
Thor (Jane Foster)
11%
Titania
11%
Wasp (Nadia Van Dyne)
11%
White Fox
11%
Blue Dragon
8%
Crescent
8%
Elsa Bloodstone
8%
Fantomex
8%
Hulk (Amadeus Cho)
8%
Iron Hammer
8%
Kid Omega
8%
Lash
8%
Rachel Summers
8%
Shadow Shell
8%
Sin
8%
Stryfe
8%
Sword Master
8%
Ulysses Klaue
8%
War Tiger
8%
Wave
8%
Weapon Hex
8%
Aero
5%
Arachknight
5%
Deathlok
5%
Doctor Voodoo
5%
Ghost Rider (Robbie Reyes)
5%
Morgan Le Fay
5%
Negasonic Teenage Warhead
5%
Singularity
5%
Sister Grimm
5%
Slapstick
5%
Ulik
5%
Victorious
5%
Warwolf
5%
Inferno
3%
Kid Kaiju
3%
Korath
3%
Minn-Erva
3%
Sun Bird
3%
No matching quizzes found
Score Distribution
Percent of People with Each Score
Percentile by Number Answered
Your Score History
You have not taken this quiz since the last reset